=LDR 00000nam 2200000 4500 =001 000961 =005 20250712014431 =035 ##$$a 0010-0725000840 =007 ta =008 250712################a##########0#ind## =020 ##$$a 978-602-244-922-5 =082 ##$$a 398.209 598 =084 ##$$a 398.209 598 IWO s =100 #$$a Iwok Abqary =245 1#$$a Si cemong coak /$c Iwok Abqary =250 ##$$a Cetakan Pertama =260 ##$$a Cipete :$b Kementerian Pendidikan, Kebudayaan, Riset, dan Teknologi,$c 2022 =300 ##$$a 62 hlm. : $b Ilus. ; $c 17,5x25cm =856 ##$$a TBM AS SUHADA